| 000 | 00816nam a2200253Ia 4500 | ||
|---|---|---|---|
| 003 | OSt | ||
| 005 | 20221005024324.0 | ||
| 006 | a|||||r|||| 00| 0 | ||
| 007 | ta | ||
| 008 | 221004b |||||||| |||| 00| 0 eng d | ||
| 020 |
_a9783110402971 (pbk) _c2266.02 |
||
| 024 | _a26087 | ||
| 037 |
_bIN/2015-16/1288, 26/03/2016, Selectbook Service Syndicate _cTextual |
||
| 040 |
_aCRL _cCRL _beng |
||
| 041 |
_2eng _aeng |
||
| 082 | _aY:1, Q6 | ||
| 100 |
_aBachmann-Medick Doris _9580480 |
||
| 245 | 0 |
_aCultural turns _b New orientations in the study of culture |
|
| 260 |
_aBoston _bDe Gruyter UK _c2016 |
||
| 300 |
_aix, 302p. _ccm. |
||
| 650 | _aSOCIOLOGY | ||
| 942 |
_hY:1, Q6 _cTEXL _2cc |
||
| 999 |
_c932718 _d932718 |
||